| 000 | 00611nam a2200241Ia 4500 | ||
|---|---|---|---|
| 003 | OSt | ||
| 005 | 20220927104452.0 | ||
| 006 | a|||||r|||| 00| 0 | ||
| 007 | ta | ||
| 008 | 220926b |||||||| |||| 00| 0 eng d | ||
| 024 | _a150409 | ||
| 037 | _cReference Collections | ||
| 040 |
_aRTL _cRTL _beng |
||
| 041 |
_2eng _aeng |
||
| 082 | _a"X9(L:5):6.1N6.N7, L7/UNC" | ||
| 110 | _aOECD | ||
| 245 | 0 | _aPublic Expenditure on Health | |
| 260 | _c1977 | ||
| 300 |
_a136 p _ccm. |
||
| 700 | _aOECD | ||
| 942 |
_h"X9(L:5):6.1N6.N7, L7/UNC" _cCC |
||
| 999 |
_c687679 _d687679 |
||